Matematika pre 2. ročník osobitných škôl 2. časť

Bibliographic Details
Main Authors: Janků, Marie (Author), Janoušková, Eva (Author), Krutišová, Sigrid (Author), Velehradská, Olga (Author)
Other Authors: Faltová, Věra, 1932- (Illustrator)
Format: Book
Language:Slovak
PhysicalDescription:S. 97-184 Ilustr. (prevažne fareb.) 29 cm
Published: Bratislava Slovenské pedagogické nakladateľstvo 1996
ISBN:8008022116
Edition:6. vyd.
Subjects:

MARC

LEADER 00000nam a2200000 a 4500
001 vtls001225430
003 SK-MaSNL
005 20260301195012.0
008 240226s1996 xo a r slo
015 |a SNBA1997/0401025 
020 |a 8008022116 
035 |a SNK000172417 
035 |a urn:nbn:sk:snk-amtiz9 
035 |a urn:nbn:sk:snk-am00c6j5 
035 |a E36425B4-B732-43B9-B4F6-4A10BD7B517E 
040 |a SNK  |b slo  |c SNK  |e AACR2 
041 0 |a slo 
044 |a xo  |c SK 
080 |a 372.47:376.4(075.2)  |2 1981 
080 |a 376.4(075.2)  |2 1981 
245 0 |a Matematika pre 2. ročník osobitných škôl  |n 2. časť  |c [autori Marie Janků ... [et al.]] 
250 |a 6. vyd. 
260 |a Bratislava  |b Slovenské pedagogické nakladateľstvo  |c 1996 
300 |a S. 97-184  |b Ilustr. (prevažne fareb.)  |c 29 cm 
500 |a Údaj o aut. prevzatý z tiráže 
500 |a Ilustr. Věra Faltová 
650 0 7 |a matematika  |x učebnice osobit. škôl (2. roč.)  |2 SNK  |9 387977 
655 7 |a učebnice  |2 SNK  |9 22521 
700 1 |a Janků, Marie  |4 aut  |9 44570 
700 1 |a Janoušková, Eva  |4 aut  |9 44579 
700 1 |a Krutišová, Sigrid  |4 aut  |9 45065 
700 1 |a Velehradská, Olga  |4 aut  |9 47575 
700 1 |a Faltová, Věra,  |d 1932-  |4 ill  |9 42092 
919 |a 80-08-02211-6 
958 |a TL 
958 |a UX 
999 |c 883834  |d 885764 
952 |t P60, <09>, [BOOK], {629}  |a SNK  |b SNK  |y NEVYP  |7 0  |o snkB 90  |i snk306/970127  |0 0  |1 0  |4 0  |d 1997-01-28  |l 0  |r 2005-01-01 00:00:00  |w 2026-02-24 
952 |t P60, <03>, [BOOK], {603}  |a SNK  |b SNK  |y PREZ  |7 0  |p 17A0032925  |o snkSB 55809/2  |i snkKSP 908/97  |0 0  |1 0  |4 0  |d 1997-02-04  |f 1  |l 0  |r 2025-04-02 00:00:00  |w 2026-02-24 
952 |t P60, <04>, [BOOK], {604}  |a SNK  |b SNK  |y VYP  |7 0  |p 17A0052776  |o snkSB 55809/2 D1  |i snkKSP 2675/97  |0 0  |1 0  |4 0  |d 1997-03-12  |l 0  |r 2005-01-01 00:00:00  |w 2026-02-24